| 000 | 00602nam a2200193Ia 4500 | ||
|---|---|---|---|
| 003 | IN-BaIIA | ||
| 008 | 211028s9999 xx 000 0 eng d | ||
| 020 | _a978-3-527-41027-9 | ||
| 040 | _cIIA Library | ||
| 080 |
_a551.510.5 _bMEN |
||
| 100 |
_aMenk, Frederick W _936151 |
||
| 245 | 0 |
_aMagnetoseismology _bground-based remote sensing of earth's magnetosphere _cColin L. Waters and Frederick W. Menk |
|
| 260 |
_aWeinheim _bWiley-VCH _c2013 |
||
| 300 | _axxviii, 251p. | ||
| 650 |
_aMagnetosphere _93270 |
||
| 650 |
_aMagnetospheric physics _936152 |
||
| 700 |
_aWaters, Colin L _936153 |
||
| 942 | _cBK | ||
| 999 |
_c18926 _d18926 |
||